000 00477nam a2200157 a 4500
001 000040558
005 20201002034219.0
008 130902s2011 dr a r 000 0 spa d
040 _aDO-SdBNP
_bspa
_cBNPHU
082 _axxxx
_bxxxx
245 0 0 _aSituación de la discapacidad en la zona fronteriza.
260 _aSanto Domingo :
_bConadis,
_c2011.
300 _a46 p. :
_bil. ;
_c25 cm.
590 _aInventariado, 2019/BT
710 2 _aConsejo Nacional sobre Discapacidad
_966880
999 _c40048
_d40048